| 000 | 00840nam a2200253 a 4500 | ||
|---|---|---|---|
| 001 | 000020226 | ||
| 005 | 20240301140404.0 | ||
| 008 | 100728s2004 pr 000 f spa d | ||
| 020 | _z1881715558 | ||
| 040 |
_aDO-SdBNP _bspa _cBNPHU |
||
| 082 |
_aPR863.44 _bC115h, 2004 |
||
| 100 | 1 |
_aCabiya, Pedro, _d1971- _916077 |
|
| 245 | 1 | 0 |
_aHistorias tremendas que fabrica la liebre perspicaz para burlar a la voraz hiena / _cPedro Cabiya. |
| 250 | _a2a ed. | ||
| 260 |
_aSan Juan, Puerto Rico : _bIsla Negra, _c2004. |
||
| 300 |
_a192 p. ; _c22 cm. |
||
| 490 | 1 | _aEl rostro y la máscara | |
| 490 | 1 | _aFémur de tu padre | |
| 650 | 4 |
_aNovela puertorriqueña _91185 |
|
| 650 | 4 |
_aLiteratura puertorriqueña _9250 |
|
| 830 | 3 |
_aEl rostro y la máscara _9251 |
|
| 830 | 0 |
_aFémur de tu padre _942832 |
|
| 910 | _aValidado. Control de calidad MFF | ||
| 999 |
_c19731 _d19731 |
||